| 000 | 01061nam a22003017a 4500 | ||
|---|---|---|---|
| 003 | CHAP | ||
| 005 | 20220329134807.0 | ||
| 008 | 971013s1985 r 00010 d | ||
| 010 | _a26018 | ||
| 011 | _a26990 | ||
| 035 | _a31091 | ||
| 040 | _cCHAP | ||
| 090 | _aFolleto 11350 | ||
| 110 |
_aInternational Organization for Standardization _959760 |
||
| 245 |
_aDocumentation _b: methods for examining documents, determining their subjects, and selecting indexing terms |
||
| 260 |
_a(s.l.) : _bThe International Organization for Standardization, _c1985 |
||
| 300 | _a5 p | ||
| 590 |
_aBATCH-UPD _b10 _c20130110 _lUCH01 _h1106 |
||
| 590 |
_aBATCH-UPD _b10 _c20130410 _lUCH01 _h0658 |
||
| 590 |
_aBATCH-UPD _b10 _c20130914 _lUCH01 _h1632 |
||
| 590 |
_aCONVERSION _b10 _c20130109 _lUCH01 _h1315 |
||
| 650 | 1 | 4 |
_aIndización. _957676 |
| 901 | _aBK | ||
| 942 | _cFOLL | ||
| 949 |
_aFolleto 11350 _bBC _cFOLL _d-143803 _eTS2 _fc.2 _i31091 _si |
||
| 949 |
_aFolleto 11350 _bBC _cFOLL _d-147660 _eTS2 _fc.3 _i31091 _si |
||
| 949 |
_aFolleto 11350 _bBC _cFOLL _d-71995 _eTS1 _i31091 _mD _si |
||
| 999 |
_c26018 _d26018 |
||